Kudure bantu kudure. (Record no. 113821)

MARC details
000 -LEADER
fixed length control field 00630nam a2200205Ia 4500
003 - CONTROL NUMBER IDENTIFIER
control field OSt
005 - DATE AND TIME OF LATEST TRANSACTION
control field 20250927102553.0
008 - FIXED-LENGTH DATA ELEMENTS--GENERAL INFORMATION
fixed length control field 210210b1983 xxu||||| |||| 00| 0 eng d
040 ## - CATALOGING SOURCE
Transcribing agency AL
041 ## - LANGUAGE CODE
Language code of text/sound track or separate title Kannada
082 ## - DEWEY DECIMAL CLASSIFICATION NUMBER
Classification number K894.2 RAMK
100 ## - MAIN ENTRY--PERSONAL NAME
Personal name RAMACHANDRA DEVA
Dates associated with a name ರಾಮಚಂದ್ರ ದೇವ
9 (RLIN) 240745
245 ## - TITLE STATEMENT
Title Kudure bantu kudure.
Remainder of title ಕುದುರೆ ಬಂತು ಕುದುರೆ
260 ## - PUBLICATION, DISTRIBUTION, ETC.
Place of publication, distribution, etc. Bengaluru
Name of publisher, distributor, etc. Samyukta
Date of publication, distribution, etc. 1983
300 ## - PHYSICAL DESCRIPTION
Extent vi,71
690 ## - LOCAL SUBJECT ADDED ENTRY--TOPICAL TERM (OCLC, RLIN)
Topical term or geographic name as entry element Kannada Drama
9 (RLIN) 240746
700 ## - ADDED ENTRY--PERSONAL NAME
Personal name NARASIMHAN (T N)
Dates associated with a name ನರಸಿಂಹನ್ (ಟಿ ಎನ್ )
9 (RLIN) 240747
906 ## - LOCAL DATA ELEMENT F, LDF (RLIN)
a SG03169
942 ## - ADDED ENTRY ELEMENTS (KOHA)
Source of classification or shelving scheme Dewey Decimal Classification
Koha item type Special Grants
Holdings
Withdrawn status Lost status Source of classification or shelving scheme Damaged status Not for loan Collection code Home library Current library Shelving location Date acquired Cost, normal purchase price Total Checkouts Full call number Barcode Date last seen Price effective from Koha item type
    Dewey Decimal Classification     Kannada St Aloysius Library St Aloysius Library   02/17/2021 0.00   K894.2 RAMK SG03169 02/17/2021 02/17/2021 Special Grants